Tìm hiểu văn hóa ẩm thực dân gian huyện Hòa Vang, thành phố Đà Nẵng
Những vấn đề chung. Đặc trưng văn hóa ẩm thực dân gian huyện Hòa Vang, thành phố Đà Nẵng. Ảnh hưởng của văn hóa ẩm thực dân gian trong đời sống dân cư- những biến đổi và xu hướng bảo tồn
Tallennettuna:
| Päätekijä: | |
|---|---|
| Muut tekijät: | |
| Aineistotyyppi: | Kirja |
| Kieli: | Vietnamese |
| Julkaistu: |
Đà Nẵng
Đại học Sư phạm, Đại học Đà Nẵng
2013
|
| Aiheet: | |
| Tagit: |
Lisää tagi
Ei tageja, Lisää ensimmäinen tagi!
|
| Thư viện lưu trữ: | Mạng thư viện Đại học Đà Nẵng |
|---|
| LEADER | 01734nam a2200361 4500 | ||
|---|---|---|---|
| 001 | 000018903 | ||
| 003 | 15338 | ||
| 005 | 20140311080314.0 | ||
| 008 | 140217s2013 viesd | ||
| 041 | |a vie | ||
| 072 | |a VHH | ||
| 082 | 1 | 4 | |a 394.12 |b ĐĂ-N |
| 100 | 1 | |a Đặng Năm | |
| 245 | 1 | 0 | |a Tìm hiểu văn hóa ẩm thực dân gian huyện Hòa Vang, thành phố Đà Nẵng |c Đặng Năm ; Nguyễn Ngọc Hòa hướng dẫn |k Khóa luận tốt nghiệp |
| 260 | |a Đà Nẵng |b Đại học Sư phạm, Đại học Đà Nẵng |c 2013 | ||
| 300 | |a 83 tr., phụ lục 5 tr. |b Hình mh. |c 29 cm. | ||
| 500 | |a Khóa luận tốt nghiệp đại học. Chuyên ngành: Cử nhân Văn hóa học | ||
| 520 | |a Những vấn đề chung. Đặc trưng văn hóa ẩm thực dân gian huyện Hòa Vang, thành phố Đà Nẵng. Ảnh hưởng của văn hóa ẩm thực dân gian trong đời sống dân cư- những biến đổi và xu hướng bảo tồn | ||
| 650 | 0 | 4 | |a Văn hóa ẩm thực dân gian |v Khóa luận tốt nghiệp |x Nghiên cứu |z Đà Nẵng (Hòa Vang) |
| 653 | |a Ẩm thực dân gian | ||
| 653 | |a Khoa Ngữ văn | ||
| 653 | |a Văn hóa dân gian | ||
| 700 | 1 | |a Nguyễn Ngọc Hòa |c PGS.TS. |e Hướng dẫn | |
| OWN | |a LSP | ||
| AVA | |a UDN50 |b LSP |d 394.12 ĐĂ-N |e available |t Error 5001 Not defined in file expand_doc_bib_avail. |f 1 |g 0 |h N |i 0 |k 1 | ||
| 999 | |a From the UDN01 | ||
| AVA | |a UDN50 |b LSP |d 394.12 ĐĂ-N |e available |t Error 5001 Not defined in file expand_doc_bib_avail. |f 1 |g 0 |h N |i 0 |k 1 | ||
| TYP | |a Monograph | ||
| TYP | |a Printed language | ||
| 980 | |a Mạng thư viện Đại học Đà Nẵng | ||